Beside You - 5 Seconds of Summer Lyrics - Statistics

General Stats
  • This quiz has been taken 430 times
  • The average score is 261 of 305
Answer Stats
Lyric % Correct
a
99%
you
99%
I
98%
beside
97%
Beside
97%
to
97%
To
97%
she
96%
She
96%
was
96%
wish
95%
home
93%
The
93%
the
93%
hear
92%
alone
91%
come
91%
heart
91%
My
91%
sleeps
91%
wants
89%
words
89%
me
88%
go
87%
So
85%
so
85%
awake
84%
lies
84%
say
84%
we
84%
don't
82%
Don't
82%
same
82%
up
82%
wanna
82%
all
81%
another
81%
Another
81%
away
81%
far
80%
find
80%
Under
80%
When
80%
both
79%
but
79%
I'm
79%
sky
79%
close
78%
ticket
78%
trying
78%
as
77%
Can
77%
fall
76%
minute
76%
world
76%
are
75%
asleep
75%
got
75%
of
75%
packed
75%
underneath
75%
hard
73%
said
73%
time
73%
Time
73%
beat
72%
speak
72%
Within
72%
and
71%
And
71%
ever
71%
see
70%
our
68%
that
68%
at
67%
day
67%
leave
67%
hearts
66%
your
66%
I've
64%
back
61%
new
61%
soon
61%
thoughts
61%
I'll
60%
wake
60%
promise
59%
Bring
58%
made
58%
somewhere
58%
could
57%
rewind
54%
stops
53%
silent
52%
light
43%
sun
42%
every
41%
city
40%
us
39%
night
38%
into
36%
pieces
35%
fade
34%
There
31%
shining
25%
they're
20%
No matching quizzes found
Score Distribution
Percent of People with Each Score
Percentile by Number Answered
Your Score History
You have not taken this quiz